000 02935cam a22001934a 4500
005 20250605164328.0
008 250528s ||||||||||||||||||||||||d
035 _a23132
020 _a9603513822
040 _aGR-AtMCL
_bgre
_dGR-AtMCL
_eAACR2
245 1 _aΗ Λιμενική Βιομηχανία
260 _bΣταμούλης Α,
_c2001
300 _a448
520 _aΜε την αύξηση του όγκου των μεταφερόμενων εμπορευματοκιβωτίων και την απόκτηση μεγαλύτερου ελέγχου μέσα από τις ''παγκόσμιες συμμαχίες'' οι ναυτικιακές εταιρίες έχουν επιτύχει μια κυρίαρχη θέση ανάμεσα σε όλους τους άλλους παίχτες. Σαν αποτέλεσμα τα λιμάνια εξαρτώνται όλο και περισσότερο από τις κυρίαρχες ναυτιλιακές εταιρίες. Πρόλογος, Εισαγωγή, Ρόλος Λειτουργίες και κατάταξη των Λιμανιών, Βασικές Έννοιες και Ορισμοί, Ρόλος και Βασικές Λειτουργίες των Λιμανιών, Αιτίες των Μεταβολών στις Δραστηριότητες, Κατάταξη των Λιμανιών, Ο Γεωγραφικός Παράγοντας και η Σημασία του στην Εξέλιξη των Λιμανιών, Ο Γεωγραφικός Παράγοντας, Οι Θαλάσσιοι Δρόμοι και ο Ρόλος των Διεθνών Διωρύγων, Το Θαλάσσιο Εμπόρικο των Συμβατικών Γενικών Φορτίων και η Διαχείριση τους στους Λιμενικούς Τερματικούς Σταθμούς, Το Θαλάσσιο Εμπόριο των Γενικών Φορτίων, Οι Λιμενικοί Τερματικοί Σταθμοί του Συμβατικού, Οι Τάσεις στις Μεταφορές των Εμπορευματοκιβωτίων και οι Επιπτώσεις στη Λιμενική Βιομηχανία, Οι Λιμενικοί Τερματικοί Σταθμοί που Διαχειρίζονται Εμπορευματοκιβώτια, Οι Λιμενικές Τερματικές Εγκαταστάσεις Υποδοχής Πλοίων RORO και Φορτηγιδοφόρων, Το Θαλάσσιο Εμπόριο των Χύδην Ξηρών Φορτίων και η Διαχείριση τους στους Λιμενικούς Τερματικούς Σταθμούς, Το Θαλάσσιο Εμπόριο των Χύδην Υγρών Φορτίων και η Διαχείριση τους στους Λιμενικούς Τεματικούς.
700 1 _aΠαρδάλη Αγγελική
_98696
942 _cBK
999 _c8162
_d8162